01457cam a22003255i 4500999001700000003000900017005001700026008004100043020001500084040004600099082002000145245013700165264003900302264001000341300004500351336002600396337002800422338002700450504004100477520015900518650003200677650003500709651001000744653002600754700003500780700004200815942001200857952013100869952013101000 c25627d25599EG-ScBUE20200923142613.0171120t19961996ne a f 001 0 eng d a9054106247 aEG-ScBUE bengerdacEG-ScBUE dEG-ScBUE 04a624.17bDYN22200aDynamics of civil engineering structures /cedited by Wilfried B. Krätzig, Hans-Jürgen Niemann, Ruhr-University Bochum, Germany. 1aRotterdam :bA.A. Balkema,c[1996] 4cc1996 axii, 630 pages :billustrations ;c26 cm atextbtxt2rdacontent aunmediatedbn2rdamedia avolumebnc2rdacarrier aIncludes bibliographical references. aA modern view on structural dynamics originating from the work of nearly all members of the Research Center on Structural Dynamics as well as some guests. 7aStructural dynamics.2BUEsh 7aStructural engineering.2BUEsh 2BUEsh bENGCIVcSeptember20201 aKratzig, Wilfried B.,eeditor.1 aNiemann, Hans-Jurgen,eeditor.910804 2ddccBB 00102ddc40708unknownaMAINbMAINc1STd2017-11-20ePurchasel0o624.17 DYNp000042275r2025-07-15 00:00:00w2017-11-20yBB 00102ddc40708unknownaMAINbMAINc1STd2020-09-23ePurchasel0o624.17 DYNp000049756r2025-07-15 00:00:00w2020-09-23yBB